书目信息 |
| 题名: |
国际贸易单证标准化实务
|
|
| 作者: | 胡涵景 , 洪岩 , 杨青海 , 戚菲 著 | |
| 分册: | ||
| 出版信息: | 北京 中国质检出版社 2017.10 |
|
| 页数: | 295页 | |
| 开本: | 26cm | |
| 丛书名: | ||
| 单 册: | ||
| 中图分类: | F740.44-65 | |
| 科图分类: | ||
| 主题词: | 国际贸易--guo ji mao yi--原始凭证--标准化 | |
| 电子资源: | ||
| ISBN: | 978-7-5066-8718-8 | |
| 000 | 01210nam0 2200313 450 | |
| 001 | CAL 0120172323088 | |
| 005 | 20171108195237.8 | |
| 010 | @a978-7-5066-8718-8@dCNY58.00 | |
| 100 | @a20171106d2017 em y0chiy50 ea | |
| 101 | 0 | @achi |
| 102 | @aCN@b110000 | |
| 105 | @aak a 000yy | |
| 106 | @ar | |
| 200 | 1 | @a国际贸易单证标准化实务@Aguo ji mao yi dan zheng biao zhun hua shi wu@f胡涵景 ... [等] 著@Fhu han jing ... [ deng ] zhu |
| 205 | @a第2版 | |
| 210 | @a北京@c中国质检出版社@c中国标准出版社@d2017.10 | |
| 215 | @a295页@c图@d26cm | |
| 304 | @a题名页题其余责任者: 洪岩, 杨青海, 戚菲 | |
| 320 | @a有书目 (第294-295页) | |
| 330 | @a本书的目的就是为了让国内所有从事贸易的单位、部门以及大专院校了解和掌握现代贸易单证标准化理论。我国目前是贸易大国, 但不是贸易强国。国际贸易标准化的应用情况远远落后于世界。内容包括: 贸易便利化与单证标准化 ; 联合国贸易数据元目录等。 | |
| 586 | @a | |
| 606 | 0 | @a国际贸易@Aguo ji mao yi@x原始凭证@x标准化 |
| 690 | @aF740.44-65@v5 | |
| 701 | 0 | @a胡涵景@Ahu han jing@4著 |
| 701 | 0 | @a洪岩@Ahong yan@4著 |
| 701 | 0 | @a杨青海@Ayang qing hai@4著 |
| 701 | 0 | @a戚菲@Aqi fei@4著 |
| 801 | 0 | @aCN@c20171106 |
| 905 | @a河南城建学院图书馆@dF740.44-65@eH472=2@f2 | |
| 国际贸易单证标准化实务/胡涵景 ... [等] 著.-第2版.-北京:中国质检出版社:中国标准出版社,2017.10 |
| 295页:图;26cm |
| ISBN 978-7-5066-8718-8:CNY58.00 |
| 本书的目的就是为了让国内所有从事贸易的单位、部门以及大专院校了解和掌握现代贸易单证标准化理论。我国目前是贸易大国, 但不是贸易强国。国际贸易标准化的应用情况远远落后于世界。内容包括: 贸易便利化与单证标准化 ; 联合国贸易数据元目录等。 |
| ● |
| 相关链接 |
|
|
|
正题名:国际贸易单证标准化实务
索取号:F740.44-65/H472=2
 
预约/预借
| 序号 | 登录号 | 条形码 | 馆藏地/架位号 | 状态 | 备注 |
| 1 | 1410529 | 214105298 | 社科库409/409社科库 48排3列4层/ [索取号:F740.44-65/H472=2] | 在馆 | |
| 2 | 1410530 | 214105305 | 社科库409/409社科库 48排3列4层/ [索取号:F740.44-65/H472=2] | 在馆 |